000 00775nam a2200217Ia 4500
001 590
003 GE_BSU
008 181216s||||||||xx |||||||||||||| ||und||
040 _cGE_BSU
080 _a398
100 _aთანდილავა,ზურაბ
245 _aწყლის კულტი და ქართული ფოლკლორი
245 _cრედ.დ.ხახუტაიშვილი
260 _aბათუმი
260 _bბათუმის ბერძენიშვილის სახ. სამეც.–კვლ.ინ–ტი
260 _c1996
300 _a230გვ.
541 _h7ლ.
653 _aწყლის კულტი და ქართული ფოლკლორი
942 _cBK
999 _c34780
_d34780